Catálogo
 En Linea

Los Kennedy : (Registro nro. 36017)

Detalles MARC
000 -CABECERA
campo de control de longitud fija 00593nam a2200193 a 4500
001 - NÚMERO DE CONTROL
campo de control 000036526
005 - FECHA Y HORA DE LA ÚLTIMA TRANSACCIÓN
campo de control 20200930075800.0
008 - DATOS DE LONGITUD FIJA--INFORMACIÓN GENERAL
campo de control de longitud fija 120119s1992 sp cj 000 0 spa d
020 ## - NÚMERO INTERNACIONAL ESTÁNDAR DEL LIBRO
Número Internacional Estándar del Libro 8472232182
040 ## - FUENTE DE LA CATALOGACIÓN
Centro catalogador/agencia de origen DO-SdBNP
Lengua de catalogación spa
Centro/agencia transcriptor BNPHU
082 ## - NÚMERO DE LA CLASIFICACIÓN DECIMAL DEWEY
Número de clasificación xxx
Número de documento/Ítem C699km 1992
100 1# - ENTRADA PRINCIPAL--NOMBRE DE PERSONA
Nombre de persona Collier, Peter
9 (RLIN) 62775
240 14 - TÍTULO UNIFORME
Título uniforme The Kennedy : An American drama
Lenguaje de la obra español
245 14 - MENCIÓN DE TÍTULO
Título Los Kennedy :
Resto del título un drama americano /
Mención de responsabilidad, etc. Peter Collier, David Horowitz.
250 ## - MENCIÓN DE EDICIÓN
Mención de edición 2a ed.
260 ## - PUBLICACIÓN, DISTRIBUCIÓN, ETC.
Lugar de publicación, distribución, etc. Barcelona :
Nombre del editor, distribuidor, etc. TusQuets,
Fecha de publicación, distribución, etc. 1992.
300 ## - DESCRIPCIÓN FÍSICA
Extensión 688 p. :
Otras características físicas il., geneal. ;
Dimensiones 21 cm.
700 1# - PUNTO DE ACCESO ADICIONAL--NOMBRE DE PERSONA
Nombre de persona Horowitz, David
9 (RLIN) 62776
Existencias
Estado de retiro Estado de pérdida Restricciones de uso No para préstamo Código de colección Localización permanente Ubicación/localización actual Ubicación en estantería Fecha de adquisición Número de inventario Total de préstamos Signatura topográfica completa Código de barras Fecha visto por última vez Precio válido a partir de Tipo de ítem Koha
      Excluido de préstamo Monografías: Libros y Folletos General General En catalogación 19.01.2012 LF1   xxx C699km 1992 36527-10 25.06.2020 25.06.2020 No se presta

Con tecnología Koha